[Event "FIDE Open World Blitz 2021"]
[Site "Warsaw"]
[Date "2021.12.30"]
[Round "18.34"]
[White "Abdusattorov, Nodirbek"]
[Black "Saric, Ivan"]
[Result "1-0"]
[WhiteElo "2646"]
[BlackElo "2665"]
[Annotator "ChessBase"]
[PlyCount "45"]
[EventDate "2021.12.29"]
[EventType "swiss"]
[EventCountry "POL"]
[Tiebreak "Cut1 Buchholz"]
[SourceTitle "playchess.com"]
[Source "ChessBase"]
[SourceQuality "1"]

1. c4 e5 2. g3 c6 3. d4 e4 4. d5 Nf6 5. d6 Qa5+ 6. Nc3 Qb4 7. Bf4 Nh5 8. Be5
Qc5 9. Qd4 Qxd4 10. Bxd4 f5 11. c5 b6 12. b4 Bb7 13. Rb1 Nf6 14. e3 h5 15. Nh3
Rh6 16. Ng5 Ba6 17. b5 bxc5 18. Bxc5 cxb5 19. Bxb5 Bxb5 20. Nxb5 Na6 21. Nc7+
Nxc7 22. dxc7 Rc8 23. Rb8 1-0

[Event "FIDE Open World Blitz 2021"]
[Site "Warsaw"]
[Date "2021.12.30"]
[Round "18.34"]
[White "Yunusov, Mukhammad"]
[Black "Lubczynski, Rafal"]
[Result "0-1"]
[WhiteElo "1874"]
[BlackElo "2361"]
[Annotator "NA"]
[PlyCount "96"]
[EventDate "2021.12.29"]
[EventType "swiss"]
[EventCountry "POL"]
[Tiebreak "Cut1 Buchholz"]
[SourceTitle "playchess.com"]
[Source "ChessBase"]
[SourceQuality "1"]

1. d4 Nf6 2. Bf4 c5 3. e3 b6 4. Nf3 Bb7 5. c3 g6 6. Nbd2 Bg7 7. Bc4 O-O 8. O-O
d6 9. h3 Nbd7 10. Re1 Rc8 11. Bb3 cxd4 12. exd4 Nd5 13. Bg5 N7f6 14. Qe2 h6 15.
Bh4 Rc7 16. Bg3 Nh5 17. Bh2 Qa8 18. Ne4 Ndf4 19. Bxf4 Nxf4 20. Qe3 Nd5 21. Bxd5
Bxd5 22. Ned2 f5 23. b3 Re8 24. c4 Bf7 25. Rad1 e5 26. dxe5 dxe5 27. Nb1 g5 28.
Qd2 e4 29. Nh2 f4 30. Nc3 Rce7 31. Nd5 Rb7 32. Qc2 Bg6 33. Ng4 Rf7 34. f3 h5
35. Nf2 g4 36. Nxe4 gxh3 37. gxh3 Qc6 38. Kh2 Kh8 39. Ndc3 Rfe7 40. Rg1 Bh7 41.
Rd6 Qc7 42. Rd5 Qc6 43. Rxh5 Bd4 44. Ng5 Bxg1+ 45. Kxg1 Kg8 46. Rxh7 Qc5+ 47.
Kg2 Qxg5+ 48. Kf2 Qg3+ 0-1

[Event "FIDE Open World Blitz 2021"]
[Site "Warsaw"]
[Date "2021.12.30"]
[Round "18.35"]
[White "Kovalev, Vladislav"]
[Black "Sargissian, Gabriel"]
[Result "1/2-1/2"]
[WhiteElo "2634"]
[BlackElo "2664"]
[Annotator "ChessBase"]
[PlyCount "119"]
[EventDate "2021.12.29"]
[EventType "swiss"]
[EventCountry "POL"]
[Tiebreak "Cut1 Buchholz"]
[SourceTitle "playchess.com"]
[Source "ChessBase"]
[SourceQuality "1"]

1. e4 e5 2. Nf3 Nc6 3. Bb5 a6 4. Ba4 Nf6 5. O-O Be7 6. d3 b5 7. Bb3 d6 8. a3
O-O 9. Nc3 Rb8 10. h3 h6 11. Be3 Re8 12. Nd5 Nxd5 13. Bxd5 Bd7 14. c3 Bf6 15.
b4 Ne7 16. Bb3 Ng6 17. a4 c6 18. axb5 axb5 19. Ra7 Re7 20. Qc2 Be8 21. Rfa1
Rxa7 22. Rxa7 Ra8 23. Qa2 Rxa7 24. Qxa7 Qd7 25. Qa8 Qd8 26. Qa7 Qd7 27. Qa6 Qc7
28. c4 bxc4 29. dxc4 Qb8 30. Qb6 Qxb6 31. Bxb6 Nf4 32. Kf1 Kf8 33. Bc7 Be7 34.
Ne1 Ne6 35. Bb8 Nd4 36. Ba4 Bd7 37. Nc2 Nxc2 38. Bxc2 Ke8 39. Bc7 Be6 40. Bd3
Kd7 41. Ba5 Bd8 42. Bxd8 Kxd8 43. Ke2 Kc7 44. Kd2 Kb6 45. Kc3 g5 46. Be2 f6 47.
Bg4 Bf7 48. Bf5 h5 49. g3 h4 50. g4 Be8 51. f3 Bf7 52. Bd7 Bg8 53. Bf5 Kc7 54.
Kb3 Bf7 55. Kc3 Be8 56. Be6 Kb6 57. Bf5 Bf7 58. Bd7 Kc7 59. Bf5 Kb6 60. Bd7
1/2-1/2

[Event "FIDE Open World Blitz 2021"]
[Site "Warsaw"]
[Date "2021.12.30"]
[Round "18.35"]
[White "Wieczorek, Oskar"]
[Black "Laith, Kasib"]
[Result "1-0"]
[WhiteElo "2258"]
[BlackElo "2010"]
[Annotator "NA"]
[PlyCount "85"]
[EventDate "2021.12.29"]
[EventType "swiss"]
[EventCountry "POL"]
[Tiebreak "Cut1 Buchholz"]
[SourceTitle "playchess.com"]
[Source "ChessBase"]
[SourceQuality "1"]

1. e4 d6 2. d4 Nf6 3. f3 g6 4. c4 Bg7 5. Be3 O-O 6. Ne2 c5 7. d5 e6 8. Nec3
exd5 9. cxd5 Re8 10. Be2 Nbd7 11. Nd2 Ne5 12. O-O h5 13. h3 a6 14. a4 b6 15. f4
Ned7 16. Bf3 Qe7 17. Re1 Rb8 18. Nc4 b5 19. axb5 axb5 20. Na5 Qf8 21. Nc6 Rb6
22. Bf2 Bb7 23. Ra7 Nb8 24. Nxb8 Rxb8 25. e5 Ne8 26. b4 Ra6 27. Rxa6 Bxa6 28.
bxc5 dxc5 29. d6 b4 30. Ne4 c4 31. d7 Nc7 32. Ba7 Ra8 33. Bb6 Ne6 34. Ng5 Rb8
35. Nxe6 fxe6 36. d8=Q Rxd8 37. Bxd8 Qxf4 38. Bf6 c3 39. Qd8+ Kh7 40. Qe7 Qh6
41. Qxb4 Qd2 42. Qe7 Qxe1+ 43. Kh2 1-0

[Event "FIDE Open World Blitz 2021"]
[Site "Warsaw"]
[Date "2021.12.30"]
[Round "18.36"]
[White "Kadric, Denis"]
[Black "Salem, A.R. Saleh"]
[Result "0-1"]
[WhiteElo "2566"]
[BlackElo "2690"]
[Annotator "ChessBase"]
[PlyCount "85"]
[EventDate "2021.12.29"]
[EventType "swiss"]
[EventCountry "POL"]
[Tiebreak "Cut1 Buchholz"]
[SourceTitle "playchess.com"]
[Source "ChessBase"]
[SourceQuality "1"]

1. e4 c5 2. Nc3 Nc6 3. Nge2 g6 4. d4 cxd4 5. Nxd4 Bg7 6. Be3 Nf6 7. Bc4 O-O 8.
Bb3 d6 9. f3 Bd7 10. h4 h5 11. Qd2 Rc8 12. O-O-O Ne5 13. g4 hxg4 14. h5 Nxh5
15. Nd5 e6 16. fxg4 Nxg4 17. Bg5 f6 18. Nf4 fxg5 19. Nfxe6 Qe7 20. Qe2 Bxe6 21.
Bxe6+ Qxe6 22. Nxe6 Rf2 23. Qd3 Rcxc2+ 24. Qxc2 Rxc2+ 25. Kxc2 Ne3+ 26. Kd3
Nxd1 27. Rxd1 Bf6 28. Ke3 Be7 29. Rg1 Bf6 30. b3 Kf7 31. Nxg5+ Kg7 32. Nf3 Bd8
33. Rd1 Bb6+ 34. Ke2 Nf4+ 35. Kf1 Bc5 36. Nd4 Kf6 37. Ne2 Ne6 38. Nc3 a6 39.
Ke2 Ke5 40. Rd5+ Kf4 41. Kd3 Bb4 42. Ne2+ Kg4 43. Nd4 0-1

[Event "FIDE Open World Blitz 2021"]
[Site "Warsaw"]
[Date "2021.12.30"]
[Round "18.37"]
[White "Harikrishna, Pentala"]
[Black "Suleymanli, Aydin"]
[Result "1/2-1/2"]
[WhiteElo "2614"]
[BlackElo "2541"]
[Annotator "ChessBase"]
[PlyCount "112"]
[EventDate "2021.12.29"]
[EventType "swiss"]
[EventCountry "POL"]
[Tiebreak "Cut1 Buchholz"]
[SourceTitle "playchess.com"]
[Source "ChessBase"]
[SourceQuality "1"]

1. e4 c6 2. Nf3 d5 3. Nc3 Bg4 4. h3 Bxf3 5. Qxf3 e6 6. Be2 Nf6 7. O-O Nbd7 8.
d4 dxe4 9. Nxe4 Nxe4 10. Qxe4 Nf6 11. Qd3 Be7 12. c3 O-O 13. a4 c5 14. dxc5
Qxd3 15. Bxd3 Rfd8 16. Be2 Bxc5 17. Bf3 Rd7 18. Bf4 Rad8 19. b4 Be7 20. Be3 a6
21. Bb6 Rc8 22. Bd4 Nd5 23. Rac1 Bg5 24. Rcd1 Bf6 25. Bxf6 gxf6 26. Bxd5 Rxd5
27. Rxd5 exd5 28. Rd1 Rxc3 29. Rxd5 Rc4 30. Rd6 Rxb4 31. Rxf6 Kg7 32. Rd6 a5
33. Rd7 Rxa4 34. Rxb7 Ra2 35. g4 Kg6 36. Rb5 a4 37. Ra5 a3 38. Kg2 Ra1 39. h4
Ra2 40. h5+ Kg7 41. Ra6 h6 42. Kg3 Kh7 43. f3 Ra1 44. Kf4 a2 45. Ra7 Kg7 46.
Ra3 Kh7 47. Ra6 Kg7 48. Ra7 Kg8 49. Kf5 Rf1 50. Rxa2 Rxf3+ 51. Ke4 Rf1 52. Ra6
Kg7 53. Rb6 Rf2 54. Ra6 Rf1 55. Rb6 Rf2 56. Ra6 Rf1 1/2-1/2

[Event "FIDE Open World Blitz 2021"]
[Site "Warsaw"]
[Date "2021.12.30"]
[Round "18.38"]
[White "Socko, Bartosz"]
[Black "Matlakov, Maxim"]
[Result "1-0"]
[WhiteElo "2571"]
[BlackElo "2614"]
[Annotator "ChessBase"]
[PlyCount "148"]
[EventDate "2021.12.29"]
[EventType "swiss"]
[EventCountry "POL"]
[Tiebreak "Cut1 Buchholz"]
[SourceTitle "playchess.com"]
[Source "ChessBase"]
[SourceQuality "1"]

1. d4 d5 2. c4 c6 3. Nf3 Nf6 4. Nbd2 g6 5. g3 Bg7 6. Bg2 O-O 7. O-O a5 8. b3 a4
9. Ba3 Re8 10. Ne5 Nbd7 11. Ndf3 Nxe5 12. Nxe5 Bf5 13. cxd5 Nxd5 14. Qd2 axb3
15. axb3 Nc7 16. Qe3 Be6 17. Bb2 Qd6 18. Nd3 Bd5 19. Nf4 Bxg2 20. Kxg2 c5 21.
Rxa8 Rxa8 22. Qe4 cxd4 23. Qxb7 Rd8 24. Rc1 Ne6 25. Nd3 Bf6 26. b4 Kg7 27. Qc6
Qb8 28. b5 Rd6 29. Qc4 Qb7+ 30. f3 Rb6 31. Ba1 Rxb5 32. h4 h5 33. Rd1 Ra5 34.
Nf2 Qa7 35. Bb2 Ra2 36. Nd3 Ra4 37. Qd5 Ra5 38. Qc6 Qb8 39. Rc1 Rb5 40. Rc2 Rb3
41. Qd5 Rb5 42. Qc6 Rb3 43. Qd5 Rb6 44. Ba3 Ra6 45. Bb2 Qa7 46. Rc8 Rd6 47. Qc4
Qb7 48. Ba3 Ra6 49. Bb2 Ra5 50. Kf2 Rb5 51. Ba3 Rb1 52. Bb4 Qa7 53. Qb5 Qa1 54.
Ne1 d3 55. Qe8 Qd4+ 56. e3 Rb2+ 57. Kf1 Rf2+ 58. Kg1 Rg2+ 59. Kxg2 Qb2+ 60. Kg1
Kh6 61. Nxd3 Qb1+ 62. Nc1 Qxb4 63. Kf2 Nc5 64. Qc6 Qd2+ 65. Kf1 Qxc1+ 66. Kg2
Qd2+ 67. Kh3 Nd3 68. Qc2 Qxe3 69. Kh2 Qxf3 70. Qd2+ Kg7 71. Rd8 Nf2 72. Qf4
Ng4+ 73. Kg1 Qxf4 74. gxf4 Bxh4 1-0

[Event "FIDE Open World Blitz 2021"]
[Site "Warsaw"]
[Date "2021.12.30"]
[Round "18.39"]
[White "Vokhidov, Shamsiddin"]
[Black "Czarnota, Pawel"]
[Result "1-0"]
[WhiteElo "2613"]
[BlackElo "2502"]
[Annotator "ChessBase"]
[PlyCount "85"]
[EventDate "2021.12.29"]
[EventType "swiss"]
[EventCountry "POL"]
[Tiebreak "Cut1 Buchholz"]
[SourceTitle "playchess.com"]
[Source "ChessBase"]
[SourceQuality "1"]

1. e4 c5 2. Nf3 d6 3. d4 cxd4 4. Nxd4 Nf6 5. Nc3 Nc6 6. Bg5 e6 7. Qd2 a6 8.
O-O-O Bd7 9. Kb1 b5 10. Nxc6 Bxc6 11. f3 Be7 12. h4 h6 13. Be3 h5 14. Ne2 Qc7
15. Bg5 Rb8 16. Nd4 Bd7 17. Bd3 a5 18. Rhe1 b4 19. f4 e5 20. Nf5 Bxf5 21. exf5
O-O 22. Qe2 Ng4 23. Bc4 a4 24. Bd5 a3 25. Bf3 axb2 26. Bxg4 hxg4 27. fxe5 Bxg5
28. exd6 Qd8 29. hxg5 Qxg5 30. Qe4 Rbd8 31. d7 g3 32. Rd3 Rb8 33. Qe5 Rbd8 34.
Rxg3 Qh6 35. Rd1 Rxd7 36. Qxg7+ Qxg7 37. Rxg7+ Kxg7 38. Rxd7 Re8 39. Rd4 Re2
40. g4 Kf6 41. Rxb4 Kg5 42. a4 Re5 43. Kxb2 1-0

[Event "FIDE Open World Blitz 2021"]
[Site "Warsaw"]
[Date "2021.12.30"]
[Round "18.40"]
[White "Riazantsev, Alexander"]
[Black "Bluebaum, Matthias"]
[Result "1-0"]
[WhiteElo "2634"]
[BlackElo "2609"]
[Annotator "ChessBase"]
[PlyCount "83"]
[EventDate "2021.12.29"]
[EventType "swiss"]
[EventCountry "POL"]
[Tiebreak "Cut1 Buchholz"]
[SourceTitle "playchess.com"]
[Source "ChessBase"]
[SourceQuality "1"]

1. d4 d5 2. Nf3 Nf6 3. c4 e6 4. Qc2 dxc4 5. e3 a6 6. Bxc4 b5 7. Bd3 Bb7 8. a4
b4 9. Qe2 Nbd7 10. O-O Be7 11. b3 O-O 12. Bb2 c5 13. Nbd2 cxd4 14. Bxd4 Nc5 15.
Bc4 Nd5 16. Rac1 Qa5 17. Ne5 f6 18. Bxc5 Bxc5 19. Nd7 Rfc8 20. Qg4 Kf7 21. e4
Be7 22. exd5 exd5 23. Bd3 g6 24. Rce1 Rc6 25. Qh3 Rh8 26. Nf3 Qd8 27. Nfe5+
fxe5 28. Nxe5+ Kg7 29. Nxc6 Bxc6 30. Qe6 Bd6 31. Qe3 Rf8 32. Qd4+ Kg8 33. Bxa6
Rf4 34. Qe3 Re4 35. Qh3 Bd7 36. Qd3 Bf5 37. Qxd5+ Kh8 38. Bc4 Rh4 39. g3 Rg4
40. Qf7 Bd7 41. Rd1 Qc7 42. Qf6# 1-0

[Event "FIDE Open World Blitz 2021"]
[Site "Warsaw"]
[Date "2021.12.30"]
[Round "18.41"]
[White "Niemann, Hans Moke"]
[Black "Tazbir, Marcin"]
[Result "1-0"]
[WhiteElo "2635"]
[BlackElo "2508"]
[Annotator "ChessBase"]
[PlyCount "81"]
[EventDate "2021.12.29"]
[EventType "swiss"]
[EventCountry "POL"]
[Tiebreak "Cut1 Buchholz"]
[SourceTitle "playchess.com"]
[Source "ChessBase"]
[SourceQuality "1"]

1. d4 d5 2. Bf4 Nf6 3. Nc3 e6 4. Nb5 Na6 5. e3 c6 6. Nc3 Qb6 7. a3 Be7 8. Nf3
O-O 9. Bd3 c5 10. Rb1 Nb8 11. O-O Nc6 12. Na4 Qd8 13. Nxc5 Nh5 14. Bg3 Nxg3 15.
hxg3 e5 16. Be2 e4 17. Nd2 b6 18. Na4 a6 19. c4 dxc4 20. Nc3 b5 21. a4 Rb8 22.
axb5 axb5 23. Ncxe4 f5 24. Nc3 Kh8 25. Nf3 b4 26. Na4 Be6 27. Nc5 Bg8 28. Rc1
Na5 29. Ne5 Bxc5 30. dxc5 Qf6 31. Nd7 Qxb2 32. Nxf8 Rxf8 33. Rb1 Qc3 34. Qd6
Rf6 35. Qd8 b3 36. Bf3 Nc6 37. Qa8 Nb4 38. Rbd1 Qe5 39. Rd8 Qe6 40. c6 Nxc6 41.
Bxc6 1-0

[Event "FIDE Open World Blitz 2021"]
[Site "Warsaw"]
[Date "2021.12.30"]
[Round "18.42"]
[White "Fridman, Daniel"]
[Black "Donchenko, Alexander"]
[Result "0-1"]
[WhiteElo "2626"]
[BlackElo "2645"]
[Annotator "ChessBase"]
[PlyCount "107"]
[EventDate "2021.12.29"]
[EventType "swiss"]
[EventCountry "POL"]
[Tiebreak "Cut1 Buchholz"]
[SourceTitle "playchess.com"]
[Source "ChessBase"]
[SourceQuality "1"]

1. d4 Nf6 2. Nf3 e6 3. c4 c5 4. d5 d6 5. Nc3 exd5 6. cxd5 g6 7. Bf4 Bg7 8. Qa4+
Bd7 9. Qb3 Qc7 10. e3 O-O 11. h3 Re8 12. Bd3 Na6 13. a3 Rac8 14. Nd2 c4 15.
Bxc4 Nc5 16. Qa2 Nfe4 17. Ncxe4 Nxe4 18. Nxe4 Rxe4 19. Bd3 Rxf4 20. exf4 Re8+
21. Kf1 Qb6 22. Rd1 Ba4 23. Rd2 Bb3 24. Qb1 Qd4 25. h4 Qxf4 26. Re2 Rc8 27. g3
Qh6 28. Kg2 Bxd5+ 29. Be4 Bc4 30. Re3 Bd4 31. Ree1 Qd2 32. Qc2 Bf1+ 33. Rhxf1
Rxc2 34. Rd1 Qxf2+ 35. Rxf2 Rxf2+ 36. Kh3 Be5 37. b3 b6 38. Bd5 Kg7 39. Rd3 Ra2
40. a4 h5 41. Re3 Rd2 42. Bf3 f5 43. Be2 Bd4 44. Rd3 Rxe2 45. Rxd4 Re6 46. Kg2
Kf6 47. Kf3 Ke7 48. Kf4 Re4+ 49. Rxe4+ fxe4 50. Kxe4 Ke6 51. Kd4 d5 52. b4 a6
53. a5 bxa5 54. bxa5 0-1

[Event "FIDE Open World Blitz 2021"]
[Site "Warsaw"]
[Date "2021.12.30"]
[Round "18.43"]
[White "Najer, Evgeniy"]
[Black "Tari, Aryan"]
[Result "1-0"]
[WhiteElo "2654"]
[BlackElo "2649"]
[Annotator "ChessBase"]
[PlyCount "77"]
[EventDate "2021.12.29"]
[EventType "swiss"]
[EventCountry "POL"]
[Tiebreak "Cut1 Buchholz"]
[SourceTitle "playchess.com"]
[Source "ChessBase"]
[SourceQuality "1"]

1. e4 e5 2. Nf3 Nc6 3. Bc4 Nf6 4. d3 Bc5 5. Bg5 h6 6. Bh4 d6 7. c3 a5 8. d4
exd4 9. cxd4 Bb4+ 10. Kf1 g5 11. Nxg5 hxg5 12. Bxg5 Bg4 13. f3 Qe7 14. a3 Be6
15. Bb5 O-O-O 16. axb4 Nxb4 17. Rxa5 c6 18. Be2 Kc7 19. Nc3 Ra8 20. Qa4 Na6 21.
h4 Rhb8 22. Qa3 Qd8 23. e5 dxe5 24. dxe5 Qd4 25. Qd6+ Qxd6 26. exd6+ Kb6 27.
Rxa6+ bxa6 28. Bxf6 Kc5 29. Ne4+ Kd5 30. Kf2 Bf5 31. Rd1+ Ke6 32. Bc4+ Kd7 33.
Nc5+ Ke8 34. d7+ Bxd7 35. Rxd7 Rb4 36. Re7+ Kf8 37. Rxf7+ Ke8 38. Re7+ Kf8 39.
Nd7# 1-0

[Event "FIDE Open World Blitz 2021"]
[Site "Warsaw"]
[Date "2021.12.30"]
[Round "18.44"]
[White "Howell, David W L"]
[Black "Gajewski, Grzegorz"]
[Result "0-1"]
[WhiteElo "2648"]
[BlackElo "2589"]
[Annotator "ChessBase"]
[PlyCount "74"]
[EventDate "2021.12.29"]
[EventType "swiss"]
[EventCountry "POL"]
[Tiebreak "Cut1 Buchholz"]
[SourceTitle "playchess.com"]
[Source "ChessBase"]
[SourceQuality "1"]

1. Nf3 d5 2. g3 c6 3. Bg2 Nf6 4. O-O Bg4 5. h3 Bxf3 6. Bxf3 Nbd7 7. d3 e6 8. e4
Ne5 9. Bg2 dxe4 10. dxe4 Qxd1 11. Rxd1 Bc5 12. Nc3 Rg8 13. Na4 Be7 14. f4 Ned7
15. Be3 e5 16. c4 Nh5 17. Kf2 exf4 18. gxf4 g5 19. fxg5 Bxg5 20. Bf3 Nf4 21.
Bxf4 Bxf4 22. Bg4 Ne5 23. Nc5 h5 24. Bxh5 Rg3 25. Bg4 Ke7 26. b3 b6 27. Na4 Rh8
28. Rg1 Nxg4+ 29. hxg4 Rh2+ 30. Kf1 Rf3+ 31. Ke1 Rff2 32. c5 Re2+ 33. Kd1 Rd2+
34. Ke1 Bg5 35. cxb6 Bh4+ 36. Kf1 Rdf2+ 37. Ke1 Rxa2+ 0-1

[Event "FIDE Open World Blitz 2021"]
[Site "Warsaw"]
[Date "2021.12.30"]
[Round "18.45"]
[White "Jumabayev, Rinat"]
[Black "Timofeev, Artyom"]
[Result "0-1"]
[WhiteElo "2658"]
[BlackElo "2586"]
[Annotator "ChessBase"]
[PlyCount "160"]
[EventDate "2021.12.29"]
[EventType "swiss"]
[EventCountry "POL"]
[Tiebreak "Cut1 Buchholz"]
[SourceTitle "playchess.com"]
[Source "ChessBase"]
[SourceQuality "1"]

1. d4 Nf6 2. Nf3 g6 3. Bf4 Bg7 4. e3 O-O 5. Be2 b6 6. O-O Bb7 7. c4 c5 8. Nc3
d6 9. d5 Nh5 10. Bg5 Nd7 11. Nd2 Bxc3 12. bxc3 Ng7 13. e4 f6 14. Bh4 e5 15.
dxe6 Nxe6 16. Bg3 Qe7 17. Re1 Rad8 18. Qa4 Ra8 19. Rad1 Ne5 20. f4 Nf7 21. Bd3
g5 22. f5 Ng7 23. h3 Ne5 24. Bf1 Bc6 25. Qc2 h5 26. Be2 h4 27. Bh2 Rad8 28. Nf1
Qf7 29. Ne3 Nh5 30. Bxh5 Qxh5 31. Bxe5 dxe5 32. Ng4 Kg7 33. Rd2 Qf7 34. Red1
Rxd2 35. Rxd2 Qxc4 36. Rd6 Qxe4 37. Qd2 Be8 38. Nxf6 Qb1+ 39. Kh2 Qxf5 40.
Nxe8+ Rxe8 41. Rd7+ Kg6 42. Rxa7 Qf4+ 43. Qxf4 gxf4 44. Rb7 Re6 45. Kg1 Kf5 46.
Kf2 Ke4 47. Ke2 Kd5 48. Rh7 Rg6 49. Kf2 Kc4 50. Rxh4 Kxc3 51. Rh5 Re6 52. h4
Kb2 53. Rg5 c4 54. h5 c3 55. Rg6 Rxg6 56. hxg6 c2 57. g7 c1=Q 58. g8=Q Qe3+ 59.
Kf1 b5 60. Qb8 Qd3+ 61. Kg1 Qd4+ 62. Kh2 b4 63. Qg8 Qc3 64. Qd5 Qd4 65. Qb3+
Kc1 66. a3 bxa3 67. Qxa3+ Kd2 68. Qa2+ Ke3 69. Qa3+ Kd2 70. Qa2+ Kd3 71. Qb3+
Qc3 72. Qd5+ Kc2 73. Qe4+ Kd2 74. Qd5+ Ke1 75. Qa2 Qg3+ 76. Kh1 Qe3 77. Qb1+
Kf2 78. Qc2+ Qe2 79. Qc5+ Kg3 80. Qc3+ f3 0-1

[Event "FIDE Open World Blitz 2021"]
[Site "Warsaw"]
[Date "2021.12.30"]
[Round "18.46"]
[White "Klekowski, Maciej"]
[Black "Predke, Alexandr"]
[Result "1-0"]
[WhiteElo "2499"]
[BlackElo "2627"]
[Annotator "ChessBase"]
[PlyCount "135"]
[EventDate "2021.12.29"]
[EventType "swiss"]
[EventCountry "POL"]
[Tiebreak "Cut1 Buchholz"]
[SourceTitle "playchess.com"]
[Source "ChessBase"]
[SourceQuality "1"]

1. c4 e6 2. Nf3 d5 3. e3 Nf6 4. b3 Bd6 5. Bb2 O-O 6. Be2 a6 7. O-O b6 8. Nc3
Bb7 9. Rc1 Nbd7 10. d4 Re8 11. a3 h6 12. b4 dxc4 13. Bxc4 e5 14. Qb3 Qe7 15.
Nd5 Nxd5 16. Bxd5 Bxd5 17. Qxd5 e4 18. Nd2 Qh4 19. h3 Nf6 20. Qc6 b5 21. f4
Rab8 22. d5 Nh5 23. Be5 Qg3 24. Rc3 Rxe5 25. fxe5 Qxe5 26. Rc2 Qh2+ 27. Kf2
Qg3+ 28. Ke2 Qxg2+ 29. Kd1 Ng3 30. Re1 Qxh3 31. Kc1 Qf5 32. Nb3 Qe5 33. Nd4 Nf5
34. Nxf5 Qxf5 35. Rd2 h5 36. Qxa6 h4 37. Qa7 Re8 38. Qd4 Ra8 39. Qc3 g6 40.
Ree2 Be5 41. Qc6 Rxa3 42. Rf2 Ra1+ 43. Kc2 Ra2+ 44. Kb3 Qxf2 45. Rxf2 Rxf2 46.
Qe8+ Kh7 47. Qxe5 h3 48. Qxe4 h2 49. Qh4+ Kg7 50. Kc3 f6 51. Kd4 g5 52. Qh3 Kg6
53. e4 Ra2 54. Kc5 Rc2+ 55. Kxb5 Kf7 56. Qh7+ Ke8 57. Ka6 g4 58. Qh5+ Ke7 59.
Kb7 g3 60. Qh3 Rc1 61. Qh7+ Kd6 62. Qf5 Ke7 63. Qe6+ Kf8 64. Qxf6+ Ke8 65. Qg6+
Ke7 66. Qg5+ Kd6 67. Qxc1 g2 68. Qxc7# 1-0

[Event "FIDE Open World Blitz 2021"]
[Site "Warsaw"]
[Date "2021.12.30"]
[Round "18.47"]
[White "Faizrakhmanov, Ramil"]
[Black "Sychev, Klementy"]
[Result "1-0"]
[WhiteElo "2396"]
[BlackElo "2615"]
[Annotator "ChessBase"]
[PlyCount "89"]
[EventDate "2021.12.29"]
[EventType "swiss"]
[EventCountry "POL"]
[Tiebreak "Cut1 Buchholz"]
[SourceTitle "playchess.com"]
[Source "ChessBase"]
[SourceQuality "1"]

1. d4 Nf6 2. c4 e6 3. Nf3 d5 4. Nc3 c5 5. cxd5 cxd4 6. Qxd4 exd5 7. e4 Nbd7 8.
Bb5 dxe4 9. Nxe4 Qa5+ 10. Nc3 Be7 11. O-O O-O 12. Bg5 Qb6 13. Qxb6 Nxb6 14.
Rfe1 Bb4 15. Bxf6 gxf6 16. Rac1 a6 17. Bd3 Be6 18. a3 Bxc3 19. Rxc3 Rac8 20.
Rec1 Rxc3 21. Rxc3 Na4 22. Rc2 Bb3 23. Rd2 Rc8 24. h4 Rc1+ 25. Kh2 Rd1 26. Be4
b6 27. Bc6 b5 28. Bb7 Nc5 29. Bc8 Kf8 30. Rxd1 Bxd1 31. Nd4 Nd3 32. b4 Nb2 33.
Bxa6 Nc4 34. Nxb5 Ke7 35. Nc3 Bb3 36. Bxc4 Bxc4 37. Kg3 Ke6 38. Kf4 Kd6 39. a4
Bf1 40. g3 Kc6 41. Ke4 Kd6 42. Kd4 Kc6 43. a5 h5 44. b5+ Kd6 45. a6 1-0

[Event "FIDE Open World Blitz 2021"]
[Site "Warsaw"]
[Date "2021.12.30"]
[Round "18.48"]
[White "Durarbayli, Vasif"]
[Black "Vakhidov, Jakhongir"]
[Result "0-1"]
[WhiteElo "2599"]
[BlackElo "2557"]
[Annotator "ChessBase"]
[PlyCount "104"]
[EventDate "2021.12.29"]
[EventType "swiss"]
[EventCountry "POL"]
[Tiebreak "Cut1 Buchholz"]
[SourceTitle "playchess.com"]
[Source "ChessBase"]
[SourceQuality "1"]

1. e4 c5 2. Nf3 g6 3. Bc4 d6 4. c3 Nf6 5. e5 dxe5 6. Nxe5 e6 7. O-O Bg7 8. Re1
O-O 9. d3 Nfd7 10. Bf4 Nxe5 11. Bxe5 Bxe5 12. Rxe5 Nd7 13. Re3 b6 14. Qf3 Rb8
15. Nd2 Bb7 16. Qf4 Qf6 17. Qc7 Qd8 18. Qg3 Nf6 19. Rae1 Nd5 20. Re5 Ne7 21.
Qf4 b5 22. Bxb5 Bxg2 23. Rxc5 Ba8 24. d4 Nd5 25. Qg3 a6 26. Bxa6 Rxb2 27. Ne4
Rxa2 28. Bc4 Rb2 29. h4 h5 30. Ng5 Qf6 31. Bxd5 Bxd5 32. Rc7 Rc2 33. Kh2 Rxf2+
34. Kg1 Rg2+ 35. Qxg2 Bxg2 36. Kxg2 Qf4 37. Rc5 Qxh4 38. Nf3 Qg4+ 39. Kf2 Ra8
40. Re2 Qf4 41. Rce5 h4 42. R5e4 Qg3+ 43. Ke3 Rc8 44. Rc2 h3 45. c4 Ra8 46. Rc3
h2 47. Rh4 Qg1+ 48. Ke4 h1=Q 49. Rxh1 Qxh1 50. c5 g5 51. Ke5 g4 52. Ng5 Qd5+
0-1

[Event "FIDE Open World Blitz 2021"]
[Site "Warsaw"]
[Date "2021.12.30"]
[Round "18.49"]
[White "Blohberger, Felix"]
[Black "Christiansen, Johan-Sebastian"]
[Result "0-1"]
[WhiteElo "2490"]
[BlackElo "2593"]
[Annotator "ChessBase"]
[PlyCount "112"]
[EventDate "2021.12.29"]
[EventType "swiss"]
[EventCountry "POL"]
[Tiebreak "Cut1 Buchholz"]
[SourceTitle "playchess.com"]
[Source "ChessBase"]
[SourceQuality "1"]

1. d4 Nf6 2. Nf3 g6 3. Nc3 Bg7 4. e4 d6 5. Bg5 a6 6. e5 Ng8 7. Be2 b5 8. a4 b4
9. Nd5 a5 10. O-O c6 11. Ne3 d5 12. c4 bxc3 13. bxc3 Nh6 14. c4 O-O 15. cxd5
cxd5 16. Qb3 Be6 17. Qb7 Nd7 18. Nxd5 Nf5 19. Nc7 Rb8 20. Nxe6 fxe6 21. Qc6 Rb6
22. Qc4 Qa8 23. Rab1 Rc8 24. Qa2 Rcb8 25. Bc4 Kf7 26. d5 Nxe5 27. dxe6+ Kg8 28.
Nxe5 Bxe5 29. Rxb6 Rxb6 30. Bd5 Qd8 31. g3 h6 32. Bc1 Nd4 33. Be4 Kg7 34. Be3
Rb2 35. Qc4 Rb4 36. Qd3 Nxe6 37. Bxg6 Qxd3 38. Bxd3 Rxa4 39. Kg2 Ra3 40. Bc4
Nd4 41. Rd1 Nc2 42. Ba7 a4 43. Rd7 Bf6 44. h4 Rc3 45. Be6 a3 46. Bb8 Nb4 47.
Ra7 Nc6 48. Ra8 Nxb8 49. Rxb8 Rc2 50. Ra8 Bb2 51. g4 Re2 52. Bc4 Rc2 53. Bd5
Rd2 54. Bb3 Bd4 55. Rxa3 Rd3 56. Ra7 Bxa7 0-1

[Event "FIDE Open World Blitz 2021"]
[Site "Warsaw"]
[Date "2021.12.30"]
[Round "18.50"]
[White "Rapport, Richard"]
[Black "Mitrabha, Guha"]
[Result "1-0"]
[WhiteElo "2763"]
[BlackElo "2370"]
[Annotator "ChessBase"]
[PlyCount "85"]
[EventDate "2021.12.29"]
[EventType "swiss"]
[EventCountry "POL"]
[Tiebreak "Cut1 Buchholz"]
[SourceTitle "playchess.com"]
[Source "ChessBase"]
[SourceQuality "1"]

1. e4 c6 2. d4 d5 3. Nc3 dxe4 4. Nxe4 Nf6 5. Qd3 Nxe4 6. Qxe4 Nd7 7. Nf3 Nf6 8.
Qd3 g6 9. Be2 Bg7 10. O-O O-O 11. Re1 Bg4 12. Qb3 Qc7 13. h3 Be6 14. Qa3 h6 15.
Bd2 Bf5 16. Rac1 Rfe8 17. Bc4 Ne4 18. Rcd1 a5 19. Bc1 b5 20. Bd3 b4 21. Qa4 Nf6
22. Bxf5 gxf5 23. c4 bxc3 24. bxc3 e6 25. c4 Red8 26. Ne5 Ra6 27. Bf4 Qc8 28.
c5 Nd5 29. Bg3 Nc3 30. Qc4 Nxd1 31. Rxd1 Qb7 32. Kh2 Raa8 33. Qe2 Rd5 34. Rd3
Qa6 35. Bf4 Rad8 36. Qh5 Rxe5 37. Rg3 Re4 38. Qxh6 Kf8 39. Rxg7 Ke7 40. Bg5+
Kd7 41. Rxf7+ Kc8 42. Bxd8 Re1 43. Bh4 1-0